Tendencias educativas oficiales en México : 1964-1976 : la problemática de la educación mexicana durante los regímenes de los presidentes Gustavo Díaz Ordaz y Luis Echeverría Alvarez.

保存先:
書誌詳細
第一著者: Meneses Morales, Ernesto (autor)
フォーマット: 図書
言語:スペイン語
主題:
タグ: タグ追加
タグなし, このレコードへの初めてのタグを付けませんか!

MARC

LEADER 00000cam^a2200000uu^4500
001 000469602
005 20250521000000.0
008 050901s1991^^^^^^^^^^^^rd^r^^000^0^spa^d
009 20260310124539.265
022 |a 9687165340 
035 |a FCE 000012358 
035 |a FCE 010356 
037 |a Acervo ITESO - Biblioteca 
041 |a spa 
082 0 4 |a 370.972  |b MENt v.4 
100 |a Meneses Morales, Ernesto  |e (autor) 
245 1 0 |a Tendencias educativas oficiales en México :  |b 1964-1976 : la problemática de la educación mexicana durante los regímenes de los presidentes Gustavo Díaz Ordaz y Luis Echeverría Alvarez. 
264 |a México :  |b CEE,  |c 1991. 
300 |a 430 p. 
336 |a texto  |b txt  |2 rdacontenido 
337 |a sin mediación  |b n  |2 rdamedio 
338 |a volumen  |b nc  |2 rdasoporte 
649 |a XX 
650 |a Echeverría Álvarez, Luis 
650 |a Díaz Ordaz, Gustavo 
650 |a Tendencias de la educación 
650 |a Reforma de la educación 
650 |a Educación 
650 |a Capacitación 
650 |a Libros de texto 
650 |a Políticas de educación 
910 |a Fondo Centro de Estudios Educativos 
920 |a Impresos - Libros 
930 |a Fondos Especiales 
905 |a 133 
901 |a ALE010356  |b IT2  |c CEE  |u 20250521 
901 |a ALE044373  |b IT2  |c CEE  |u 20250521 
901 |a ALE044374  |b IT2  |c CEE  |u 20250521 
901 |a ALE044375  |b IT2  |c CEE  |u 20250521 
901 |a ALE044376  |b IT2  |c CEE  |u 20250521 
901 |a ALE044377  |b IT2  |c CEE  |u 20250521 
901 |a ALE046939  |b IT2  |c CEE  |u 20250521 
901 |a ALE044778  |b IT2  |c CEE  |u 20250521 
902 |a https://opac.biblio.iteso.mx/vufind/Record/000469602